000
00286nam a2200121Ia 4500
003
OSt
008
201103b ||||| |||| 00| 0 eng d
100
_a
BATHE,Klaus Jurgen.
245
_a
Finite Element Procedures
260
_a
N. Delhi
_b
PHI
_c
1996
300
_a
1037
942
_2
ddc
_c
BK
999
_c
5091
_d
5091